| Tag |
First Indicator |
Second Indicator |
Subfields |
| LEADER |
00000cam a2200000 4500 |
| 001 |
in00000081538 |
| 005 |
20151008053009.0 |
| 008 |
750911s1946 inu 00010 eng |
| 010 |
|
|
|a 47000016
|
| 035 |
|
|
|a (OCoLC)01616925
|
| 035 |
|
|
|9 AAH5787AM
|
| 040 |
|
|
|a DLC
|c FQG
|d TXA
|d UtOrBLW
|
| 049 |
|
|
|a TXAM
|c [454120]
|
| 050 |
0 |
0 |
|a TF147
|b .H45 1946
|
| 082 |
0 |
|
|a 385
|
| 092 |
|
|
|a 385
|b H523t, 1946
|
| 100 |
1 |
|
|a Henry, Robert Selph,
|d 1889-1970.
|
| 245 |
1 |
0 |
|a This fascinating railroad business /
|c by Robert Selph Henry.
|
| 250 |
|
|
|a 3d ed., rev.
|
| 264 |
|
1 |
|a Indianapolis,
|a New York :
|b The Bobbs-Merrill company,
|c [1946]
|
| 300 |
|
|
|a 521 pages :
|b frontispiece, illustrations (maps) plates. ;
|c 23 cm.
|
| 336 |
|
|
|a text
|b txt
|2 rdacontent
|
| 337 |
|
|
|a unmediated
|b n
|2 rdamedia
|
| 338 |
|
|
|a volume
|b nc
|2 rdacarrier
|
| 650 |
|
0 |
|a Railroads.
|
| 650 |
|
0 |
|a Railroads
|z United States.
|
| 999 |
|
|
|a MARS
|
| 999 |
f |
f |
|s 28bb24fa-8502-33fc-a28e-8582e8f211ea
|i 3fefb98d-ee52-3f44-b80b-7ae918c1f338
|t 0
|
| 952 |
f |
f |
|p normal
|a Texas A&M University
|b College Station
|c Sterling C. Evans Library
|d Evans: Library Stacks
|t 0
|e TF147 .H45 1946
|h Library of Congress classification
|i unmediated -- volume
|m A14800877886
|
| 998 |
f |
f |
|a TF147 .H45 1946
|t 0
|l Evans: Library Stacks
|